000 01181nam a22002297a 4500
005 2011052506566.0
008 110525t xxu||||| |||| 00| 0 mar d
010 _aMAR-20886
020 _c250.00
035 _aMR-13544
037 _bDBAD / PUB
040 _aDPL
_bMR
082 _a509.2
100 _aनित्सुरे,चित्रा
_928233
245 _aनोबेल विज्ञानवती /
_cचित्रा नित्सुरे
246 _aNobel Vidnyanvati
_bby Chitra Nitsure
260 _aबोरिवली
_bनवचैतन्य प्रकाशन
_c2011
270 _aन्यू गजांत को-ऑप.हौ.सो.लि.,सी/11,तळमजला,कोसाम्गो नगर,फ्लाय ओव्हर जवळ,एस.व्ही रोड
_bबोरिवली
300 _a296पृ.
_c21 सेमी (अजिल्द)
942 _2ddc
_cMR
_h509.2
_mनित्सुरे
999 _c52591
_d52591